| 000 | 00677nam a22002417a 4500 | ||
|---|---|---|---|
| 999 |
_c952 _d952 |
||
| 001 | 952 | ||
| 003 | BD-JhCC | ||
| 005 | 20200124134008.0 | ||
| 008 | 171011s2003 bg |||| |||| 00| 0 ben d | ||
| 020 | _a9844584094 | ||
| 035 | _a(BD-JhCC)952 | ||
| 040 |
_aBD-JhCC _dBD-JhCC |
||
| 041 | _aben | ||
| 082 |
_a891.443 _bHOS 2003 |
||
| 100 | _aহোসেন, সেলিনা | ||
| 245 |
_aগায়এী সন্ধ্যা / _cসেলিনা হোসেন |
||
| 260 |
_aঢাকাঃ _bসময় প্রকাশনী, _c2003 |
||
| 300 |
_a735 p. : _c21 cm. |
||
| 650 | _aBengali Novel | ||
| 651 | _aBangladesh | ||
| 942 |
_2ddc _cBK _02 |
||